Crash of Cars Car Rarity - Statistics

General Stats
  • This quiz has been taken 9 times
  • The average score is 4 of 4
Answer Stats
Pull Rate % Rarity % Correct
55% Common
100%
5% Legendary
100%
30% Rare
100%
10% Epic
88%
No matching quizzes found
Score Distribution
Percent of People with Each Score
Percentile by Number Answered
Your Score History
You have not taken this quiz